000 00939nam a2200217Ii 4500
003 JO-AjNU
008 230605s9999||||xx |||||||||||||| ||und||
017 _a2000/4/460
040 _aJO-AjNU
_bara
_erda
_cJO-AjNU
041 _aara
050 1 4 _aZ665.2.J6.M347 2000
100 3 _aقنديل، يوسف... وآخرون؛ تقديم محمود إتيم,
_eauthor
_946290
245 0 0 _aالمكتبات ومراكز المعلومات في الأردن: الواقع والتحديات
250 _aالطبعة العربية الاولى
264 3 1 _aعمان: بيروت: مؤسسة عبد الحميد شومان، المؤسسة العربية للدراسات والنشر، 2000
300 _a151ص
336 _atext
_btxt
_2rdacontent
337 _aunmediated
_bn
_2rdamedia
338 _avolume
_bnc
_2rdacarrier
650 4 _aالمكتبات - الاردن - مراكز المعلومات - الاردن - ندوة
_946291
999 _aA20126
_c23694
_d23694